000 00455nam a2200157Ia 4500
003 GCL
008 140319s9999 xx 000 0 ara d
040 _aGCL /
_cGCL
082 0 4 _a811.9
_bم ف
100 1 _aمحمد عفيفى مطر
245 1 0 _aفاصلة ايقاعات النمل /
_cمحمد عفيفى مطر
490 _a
650 0 4 _aالشعر العربى
650 0 4 _aالشعر العربى - العصر الحديث
942 _2ddc
_cBK
999 _c40926
_d40926